[Event "OGD Pinsenstad Delft 2014 BCD"]
[Site "Delft"]
[Date "2014.04.19"]
[Round "3.3"]
[White "Schilstra, Laurens"]
[Black "Van der Togt, Twan"]
[Result "0-1"]
[LiveChessVersion "1.4.2"]
[BlackElo "1958"]
[WhiteElo "1735"]

1. e4 e5 2. Nf3 Nc6 3. Bb5 a6 4. Ba4 d6 5. h3 Nf6 6. O-O Bd7 7. Re1 g6 8. c3 Bg7
9. d3 O-O 10. Bb3 h6 11. Nbd2 Nh5 12. Nf1 Kh7 13. Be3 Qf6 14. d4 Rad8 15. Rc1 Nf4
16. d5 Nb8 17. Ng3 Bc8 18. c4 b6 19. Bc2 a5 20. a3 Na6 21. Nh2 Bd7 22. b3 h5 23.
Qd2 Bh6 24. b4 axb4 25. axb4 Rg8 26. Ra1 Bc8 27. Ba4 h4 28. Ne2 g5 29. Bb5 Nb8
30. Ra7 g4 31. hxg4 Bxg4 32. Nxf4 Bxf4 33. Nxg4 Rxg4 34. Kf1 Rdg8 35. Ke2 Rxg2
36. Rf1 h3 37. Qd3 R8g3 38. Rh1 Rxe3+ 39. Qxe3 Bxe3 40. Rxh3+ Bh6 41. Rf3 Qg5 42.
Rxc7 Qd2+ 43. Kf1 Rg7 44. Rcxf7 Qd1# 45. Ke1 0-1

[Event "OGD Pinsenstad Delft 2014 BCD"]
[Site "Delft"]
[Date "2014.04.19"]
[Round "3.7"]
[White "Karagantcheff, Dimitri"]
[Black "Bouma, Henk"]
[Result "1-0"]
[LiveChessVersion "1.4.2"]
[BlackElo "1290"]
[WhiteElo "1494"]

1. e4 {[%clk 1:40:16]} e5 {[%clk 1:40:15]} 2. f4 {[%clk 1:40:10]} exf4
{[%clk 1:40:10]} 3. Nf3 {[%clk 1:40:12]} d5 {[%clk 1:39:10]} 4. exd5
{[%clk 1:36:13]} Nf6 {[%clk 1:37:55]} 5. Bc4 {[%clk 1:34:04]} Bd6
{[%clk 1:34:44]} 6. O-O {[%clk 1:30:12]} O-O {[%clk 1:34:48]} 7. Nc3
{[%clk 1:29:34]} c6 {[%clk 1:31:50]} 8. d4 {[%clk 1:25:37]} Bg4 {[%clk 1:30:50]}
9. h3 {[%clk 1:24:16]} Bh5 {[%clk 1:30:57]} 10. Qd3 {[%clk 1:22:41]} Bg6
{[%clk 1:28:42]} 11. Qe2 {[%clk 1:21:27]} Re8 {[%clk 1:27:01]} 12. Ne5
{[%clk 1:16:25]} Bh5 {[%clk 1:13:06]} 13. Qe1 {[%clk 1:11:44]} Nbd7
{[%clk 1:06:48]} 14. Bxf4 {[%clk 1:08:42]} Nxe5 {[%clk 1:01:21]} 15. dxe5
{[%clk 1:03:03]} cxd5 {[%clk 0:55:22]} 16. Qg3 {[%clk 0:49:45]} Bxe5
{[%clk 0:42:55]} 17. Bxe5 {[%clk 0:46:16]} Rxe5 {[%clk 0:30:07]} 18. Qxe5
{[%clk 0:44:51]} dxc4 {[%clk 0:30:07]} 19. Rae1 {[%clk 0:32:25]} Qb6+
{[%clk 0:29:00]} 20. Kh1 {[%clk 0:30:01]} Qxb2 {[%clk 0:26:55]} 21. Qe3
{[%clk 0:22:12]} h6 {[%clk 0:25:52]} 22. Rb1 {[%clk 0:14:22]} Qxc2
{[%clk 0:22:20]} 23. Rfc1 {[%clk 0:09:57]} Qd3 {[%clk 0:18:41]} 24. Qc5
{[%clk 0:09:11]} Bg6 {[%clk 0:16:11]} 25. Rxb7 {[%clk 0:08:39]} Ne4
{[%clk 0:13:19]} 26. Nxe4 {[%clk 0:08:03]} Bxe4 {[%clk 0:10:59]} 27. Re7
{[%clk 0:07:32]} Qe2 {[%clk 0:08:12]} 28. Rg1 {[%clk 0:05:55]} Rd8
{[%clk 0:05:42]} 29. Qe5 {[%clk 0:06:00]} Bxg2+ {[%clk 0:03:13]} 30. Rxg2
{[%clk 0:05:58]} Qf1+ {[%clk 0:02:38]} 31. Kh2 {[%clk 0:05:48]} 1-0

[Event "OGD Pinsenstad Delft 2014 BCD"]
[Site "Delft"]
[Date "2014.04.19"]
[Round "4.8"]
[White "Hofstee, Piet"]
[Black "Ehrhardt, Matthias"]
[Result "0-1"]
[LiveChessVersion "1.4.2"]
[BlackElo "1772"]
[WhiteElo "1684"]

1. e4 {[%clk 1:40:14]} e6 {[%clk 1:40:13]} 2. d4 {[%clk 1:40:18]} d5
{[%clk 1:40:16]} 3. exd5 {[%clk 1:40:23]} exd5 {[%clk 1:40:16]} 4. Bd3
{[%clk 1:40:25]} Nc6 {[%clk 1:39:44]} 5. Nf3 {[%clk 1:40:28]} Bg4
{[%clk 1:38:30]} 6. Be3 {[%clk 1:40:14]} Nf6 {[%clk 1:38:14]} 7. h3
{[%clk 1:39:47]} Bh5 {[%clk 1:37:02]} 8. c3 {[%clk 1:38:33]} Bd6 {[%clk 1:36:00]}
9. Nbd2 {[%clk 1:37:26]} Qd7 {[%clk 1:33:57]} 10. Qc2 {[%clk 1:37:13]} Ne7 11. b4
{[%clk 1:37:13]} a6 12. a4 {[%clk 1:37:13]} Bg6 13. O-O {[%clk 1:37:13]} Bxd3 14.
Qxd3 {[%clk 1:37:13]} h6 15. a5 O-O 16. Ne5 {[%clk 1:24:28]} Qe8 {[%clk 1:17:24]}
17. Rfb1 {[%clk 1:16:05]} c6 {[%clk 1:17:01]} 18. c4 {[%clk 1:14:00]} Nd7
{[%clk 1:12:27]} 19. Nxd7 {[%clk 1:13:11]} Qxd7 {[%clk 1:12:11]} 20. c5
{[%clk 1:13:08]} Bc7 {[%clk 1:11:18]} 21. Rf1 {[%clk 1:11:53]} Rae8
{[%clk 1:09:05]} 22. Rae1 {[%clk 1:10:42]} f5 {[%clk 1:08:11]} 23. Nf3
{[%clk 1:07:51]} Ng6 {[%clk 1:06:14]} 24. Bd2 {[%clk 1:07:27]} Qf7
{[%clk 1:03:33]} 25. Qb1 {[%clk 1:04:03]} Re4 {[%clk 1:00:20]} 26. Nh2
{[%clk 0:58:04]} Rfe8 {[%clk 0:59:29]} 27. Rxe4 {[%clk 0:56:48]} fxe4
{[%clk 0:57:58]} 28. Qb3 {[%clk 0:53:34]} Nh4 {[%clk 0:57:25]} 29. f4
{[%clk 0:50:13]} Qg6 {[%clk 0:55:55]} 30. Rf2 {[%clk 0:48:57]} Rf8
{[%clk 0:54:31]} 31. Qb2 {[%clk 0:48:01]} h5 {[%clk 0:48:07]} 32. Be3
{[%clk 0:47:41]} Qg3 {[%clk 0:47:30]} 33. Nf1 {[%clk 0:46:54]} Qg6
{[%clk 0:45:09]} 34. Kh2 {[%clk 0:45:57]} Qh6 {[%clk 0:43:17]} 35. Qc1
{[%clk 0:43:46]} g5 {[%clk 0:41:25]} 36. g3 {[%clk 0:43:06]} Nf3+
{[%clk 0:40:58]} 37. Kh1 {[%clk 0:42:55]} gxf4 {[%clk 0:40:46]} 38. gxf4
{[%clk 0:41:45]} Bxf4 {[%clk 0:39:39]} 39. Rg2+ {[%clk 0:40:28]} Kh7
{[%clk 0:39:26]} 40. Bxf4 {[%clk 0:38:30]} Qxf4 {[%clk 0:37:45]} 41. Qc3
{[%clk 0:36:06]} Nh4 {[%clk 0:37:18]} 42. Nh2 {[%clk 0:34:11]} 0-1